000
00251nam a2200109Ia 4500
008
190216s9999||||xx |||||||||||||| ||und||
100
_a
Harold Robbins
245
0
_a
Good Bye Janette
260
_b
New English Library
650
_a
English
942
_c
BK
999
_c
13322
_d
13322